000 00593nam a22002297a 4500
001 86539
003 UA-OsUOA
005 20211105205803.0
007 ta
008 20120905b un ||||| |||| 00| 0 ukr d
040 _aUA-OsUOA
_brus
_cUA-OsUOA
_dUA-OsUOA
041 _arus
080 _a94(471+571)
090 _a94(471+571)
_bЕ72
100 _aЕрман Л. К.
245 _aИнтеллигенция в первой русской революции
260 _aМ.
_bНаука
_c1966
300 _a373 с.
650 7 _a94 Історія
_2UDC
942 _cBK
_2udc
955 _a1
999 _c372617
_d372617